000 00574nam a2200217Ia 4500
005 20250213013902.0
008 240331s9999 xx 000 0 und d
020 _a9068327240
082 _bGEN
100 _aGender, Society and Development
245 0 _aGender, Citizenship and Governance:
_bA Global Sourcebook
260 _aAmsterdam
_bKIT Publishers
_c2004
260 _aOxford
_bOxfam Publishing
_c2004
300 _a135 p.,
650 _aGender
650 _aGovernance
650 _aCitizenship
650 _aWomen
650 _aGrass Roots Level
942 _cL
999 _c1543
_d1543